Controlling v poisťovníctve

Controlling v poisťovníctve. Definícia controllingu. Controlling v užšom a širšom chápaní. Strategický controlling. Operatívny controlling. Controlling v rámci organizačnej štruktúry poisťovní. Interná kontrola v poisťovníctve. Interné a externé hľadisko internej kontroly, ich význam pre zlepšenie v...

ver descrição completa

Na minha lista:
Detalhes bibliográficos
Autor principal: Krátka, Zuzana, 1968-
Formato: Capítulo de Livro
Idioma:eslovaco
Assuntos:
Tags: Adicionar Tag
Sem tags, seja o primeiro a adicionar uma tag!

MARC

LEADER 00000naa$a2200000$$$4500
001 0058268
005 20240502071643.9
041 0 |a slo 
044 |a SK 
245 1 0 |a Controlling v poisťovníctve  |c Zuzana Krátka 
520 |a Controlling v poisťovníctve. Definícia controllingu. Controlling v užšom a širšom chápaní. Strategický controlling. Operatívny controlling. Controlling v rámci organizačnej štruktúry poisťovní. Interná kontrola v poisťovníctve. Interné a externé hľadisko internej kontroly, ich význam pre zlepšenie výkonu poisťovacích subjektov. Integrované controllingové riadenie predstavuje jeden z rozhodujúcich faktorov úspechu poisťovacích inštitúcií. 
610 2 0 |a kontroling 
610 2 0 |a kontroling operatívny 
610 2 0 |a kontroling strategický 
610 2 0 |a poisťovníctvo 
610 2 0 |a poisťovne 
610 2 0 |a kontrola 
100 1 |a Krátka, Zuzana, 1968-